000 00246nam a2200109Ia 4500
008 200302s9999 xx 000 0 und d
100 _aJesse Mc Donald
245 _aMichelangelo
260 _bSaturn Books Ltd.
260 _c1988
300 _a112 P.,
999 _c1443
_d1443